[Event "Montigny le Bretonneux Noel op 10th"]
[Site "Montigny le Bretonneux"]
[Date "2007.11.03"]
[Round "1"]
[White "Kermadec, Geoffroy"]
[Black "Mongey, Alain"]
[Result "1-0"]
[WhiteElo "1630"]
[BlackElo "1633"]
[PlyCount "79"]
[EventDate "2007.12.26"]
[EventType "swiss"]
[EventRounds "7"]
[EventCountry "FRA"]
[SourceTitle "EXT 2008"]
[Source "ChessBase"]
[SourceDate "2007.11.25"]
[SourceVersion "1"]
[SourceVersionDate "2007.11.25"]
[SourceQuality "1"]

1. d4 Nf6 2. c4 g6 3. Nc3 Bg7 4. Bf4 d6 5. Nf3 Bg4 6. e3 Nh5 7. Be2 Nxf4 8. exf4 Bd7 9. 0-0 Qc8 10. Qb3 c5 11. d5 Bh6 12. Ng5 b6 13. Rfe1 0-0 14. h4 f6 15. Ne6 Bxe6 16. dxe6 Bxf4 17. Nd5 Nc6 18. Nxf4 Nd4 19. Qd3 Qe8 20. Bf3 Rc8 21. h5 g5 22. Ne2 Nc6 23. Bxc6 Rxc6 24. g4 Qc8 25. Qf5 Qa6 26. b3 Rb8 27. a4 Qa5 28. f4 Qd2 29. fxg5 Qe3+ 30. Kg2 Qxg5 31. Qxg5+ fxg5 32. Rf1 Rcc8 33. h6 Rf8 34. Rxf8+ Rxf8 35. Rf1 Rf6 36. Rxf6 exf6 37. Ng3 Kf8 38. Nf5 Ke8 39. Kf3 Kf8 40. Ke4 1-0